000 00718nam a22002175i 4500
001 172032
003 ES-MaACL
005 20250806085418.0
008 090612s1966 sp |||| | spa d
080 _a617-089(075.8)
100 1 _aSoupault, Robert.
_9140632
245 1 0 _aIniciación a la técnica quirúrgica /
_cpor Robert Soupault y André Dufour ; versión de A. Jornet Cases.
250 _a[1ª ed.].
260 _aBarcelona :
_bToray Masson,
_c1966.
300 _a215 p., 21 h. de lám. :
_bil. ;
_c22 cm.
650 0 7 _aCirugía
_2embne
_911050
700 1 _aDufour, André.
_9140633
700 1 _aJornet Cases, A.
_966960
852 _aES-MaACL
_jC-28731
_9R.58153
999 _c172032
_d172032